000
00207 a2200097 4500
001
17287
100
_a
245
_a
Systematic Salt analysis
260
_a
Lahore
_b
Ilmi Kitab Khana
_c
090
_c
12798
_d
12798
942
_a
NUST-CAE
_c
_c
3111
999
_c
252360
_d
252360